[Event "Reykjavik Open 2026"]
[Site "Reykjavik ISL"]
[Date "2026.03.26"]
[Round "3.124"]
[White "Tinkler, Paul"]
[Black "Adalsteinsson, Hermann"]
[Result "1-0"]
[WhiteElo "1897"]
[BlackElo "1719"]
[WhiteFideId "30961289"]
[BlackFideId "2300591"]
[EventDate "2026.03.25"]

1. e4 e5 2. Nf3 Nc6 3. Bb5 a6 4. Bxc6 dxc6 5. O-O Bd6 6. d4 f6 7. dxe5 fxe5 8.
Nxe5 Bxe5 9. Qh5+ Kf8 10. Qxe5 h6 11. Bf4 Nf6 12. Nc3 Ne8 13. Rad1 Nd6 14. Qc5
Kg8 15. Bxd6 cxd6 16. Rxd6 Qe8 17. Rfd1 Kh7 18. f3 Qf7 19. Rd8 Be6 20. Rxa8 Rxa8
21. a3 Rf8 22. Qe5 Bg4 23. Qg3 Be6 24. Rd3 g5 25. h3 Rg8 26. Qe5 h5 27. Rd6 Rg6
28. Ne2 c5 29. Ng3 Qf4 30. Qxf4 gxf4 31. Nxh5 1-0

[Event "Reykjavik Open 2026"]
[Site "Reykjavik ISL"]
[Date "2026.03.26"]
[Round "3.125"]
[White "Paricharak, Shardul"]
[Black "Butterworth, Paul"]
[Result "1-0"]
[WhiteElo "1895"]
[BlackElo "1719"]
[WhiteFideId "7500432"]
[BlackFideId "343419917"]
[EventDate "2026.03.25"]

1. Nf3 d5 2. b3 Bf5 3. Bb2 Nd7 4. g3 Ngf6 5. Bg2 e6 6. d3 c6 7. Nh4 Be7 8. Nxf5
exf5 9. c4 O-O 10. O-O h5 11. cxd5 cxd5 12. Nd2 h4 13. Nf3 hxg3 14. hxg3 Ng4 15.
Qd2 Ndf6 16. Qg5 Rc8 17. Nd4 Ne4 18. Qxf5 Nexf2 19. Rxf2 Nxf2 20. Kxf2 Qb6 21.
Rh1 g6 22. Qh3 Qf6+ 23. Nf3 1-0

[Event "Reykjavik Open 2026"]
[Site "Reykjavik ISL"]
[Date "2026.03.26"]
[Round "3.126"]
[White "Jonsson, Thormar"]
[Black "Leosson, Haukur Vidis"]
[Result "0-1"]
[WhiteElo "1719"]
[BlackElo "1893"]
[WhiteFideId "2309327"]
[BlackFideId "2325780"]
[EventDate "2026.03.25"]

1. e4 e6 2. Nf3 d5 3. exd5 exd5 4. d4 Nf6 5. Bg5 Bd6 6. Bd3 O-O 7. O-O Be6 8.
Ne5 c5 9. c3 h6 10. Bh4 Nc6 11. Nxc6 bxc6 12. Nd2 cxd4 13. cxd4 Rb8 14. Rb1 Re8
15. Nf3 Bg4 16. h3 Bh5 17. g4 Bg6 18. Bxg6 fxg6 19. Qd3 g5 20. Bg3 Bxg3 21. fxg3
Qb6 22. Kg2 Re4 23. b3 Rbe8 24. Rbe1 Kh8 25. Kh2 Qa5 26. Rd1 Qxa2+ 27. Rd2 Re2+
28. Kg1 Rxd2 29. Nxd2 Ne4 30. Nxe4 Rxe4 31. Rf2 Qa1+ 32. Kg2 Qxd4 33. Qa6 Re8
34. Qxc6 Qe4+ 35. Kh2 Qe3 36. Kg2 d4 37. Qc5 Qe4+ 38. Kh2 d3 39. Qc3 Qe3 40. Kg2
Rd8 41. Qd2 Qd4 42. Kh2 Rc8 0-1

[Event "Reykjavik Open 2026"]
[Site "Reykjavik ISL"]
[Date "2026.03.26"]
[Round "3.127"]
[White "Koerner, Florian"]
[Black "Walshaw, David"]
[Result "1-0"]
[WhiteElo "1891"]
[BlackElo "1717"]
[WhiteFideId "34605525"]
[BlackFideId "422967"]
[EventDate "2026.03.25"]

1. f4 g6 2. Nf3 Bg7 3. g3 c5 4. Bg2 Nc6 5. c3 Nf6 6. O-O O-O 7. d4 cxd4 8. cxd4
d5 9. Nc3 a6 10. h3 e6 11. g4 b5 12. Ne5 Qb6 13. e4 dxe4 14. Nxe4 Nd5 15. Nxc6
Qxc6 16. f5 exf5 17. Nc3 Be6 18. gxf5 gxf5 19. Qd3 Rad8 20. Qg3 Kh8 21. Qh4 Rg8
22. Kh1 Bf6 23. Qxf6+ Nxf6 24. Bxc6 Rxd4 25. Bf4 Rc4 26. Be5 Rg6 27. Bd5 Rc5 28.
Rad1 b4 29. Bd4 bxc3 30. Bxe6 1-0

[Event "Reykjavik Open 2026"]
[Site "Reykjavik ISL"]
[Date "2026.03.26"]
[Round "3.128"]
[White "Spagnoli, Benjamin"]
[Black "Parsheh, Arshia"]
[Result "1/2-1/2"]
[WhiteElo "1890"]
[BlackElo "1712"]
[WhiteFideId "20667116"]
[BlackFideId "30967473"]
[EventDate "2026.03.25"]

1. e4 e6 2. d4 d5 3. exd5 exd5 4. Bd3 Nf6 5. Nf3 Be7 6. O-O O-O 7. h3 Be6 8. Bf4
Nbd7 9. Ng5 h6 10. Nxe6 fxe6 11. Qe2 Ne4 12. Bh2 Ndf6 13. Nc3 Bd6 14. Bxd6 Qxd6
15. Nxe4 dxe4 16. Bxe4 Qxd4 17. Bxb7 Rae8 18. Bc6 Re7 19. c3 Qh4 20. Qe5 Nh5 21.
Rad1 Nf4 22. Rd7 Rf5 23. Rd8+ Kf7 24. Qe3 Rg5 25. Rfd1 Nxh3+ 26. Kf1 Nf4 27. g3
Qh3+ 28. Ke1 Nd5 29. Qe4 Rf5 30. Rd2 Qh2 31. Re2 Qg1+ 32. Kd2 Nf6 33. Qd4 Qb1
34. Qb4 Qxa2 35. Ra8 Nd7 36. g4 Rd5+ 37. Ke3 Nf6 38. Kf3 Rd3+ 39. Kg2 Qa6 40.
Be4 Rd1 41. Bf3 Qb6 42. Qa4 Rb1 43. Qa2 Rc1 44. Rxa7 Qd6 45. Qc4 Nd5 1/2-1/2

[Event "Reykjavik Open 2026"]
[Site "Reykjavik ISL"]
[Date "2026.03.26"]
[Round "3.129"]
[White "Robichaud, Andrew"]
[Black "Stolyarov, Alan"]
[Result "0-1"]
[WhiteElo "1708"]
[BlackElo "1890"]
[WhiteFideId "39963381"]
[BlackFideId "30906008"]
[EventDate "2026.03.25"]

1. e4 c5 2. Nf3 d6 3. d4 cxd4 4. Nxd4 Nf6 5. Nc3 a6 6. a4 e5 7. Nb3 Be7 8. Be2
Be6 9. Nd2 d5 10. exd5 Nxd5 11. Nxd5 Bxd5 12. Bf3 Bxf3 13. Qxf3 Nc6 14. O-O O-O
15. Re1 Qc7 16. c3 Rad8 17. Nf1 f5 18. b4 e4 19. Qe2 Bf6 20. Qc4+ Qf7 21. Qxf7+
Kxf7 22. Ra3 Rd3 23. b5 Na5 24. c4 Nxc4 25. Rxd3 exd3 26. Rd1 Rd8 27. Ne3 Nxe3
28. Bxe3 axb5 29. axb5 Ra8 30. f4 Ra1 31. Rxa1 Bxa1 32. Kf2 Ke6 33. h3 Kd5 34.
g4 Ke4 35. Bd2 Bd4+ 36. Ke1 g6 37. gxf5 gxf5 0-1

[Event "Reykjavik Open 2026"]
[Site "Reykjavik ISL"]
[Date "2026.03.26"]
[Round "3.130"]
[White "Morrish, John"]
[Black "Bajnath, Dhanesh"]
[Result "0-1"]
[WhiteElo "1704"]
[BlackElo "1889"]
[WhiteFideId "343410324"]
[BlackFideId "40104842"]
[EventDate "2026.03.25"]

1. e4 e5 2. Bc4 Bc5 3. Nf3 Nc6 4. b4 Bxb4 5. c3 Be7 6. d4 Na5 7. Bd3 exd4 8. Bd2
Nc6 9. cxd4 d5 10. e5 Nh6 11. O-O Bg4 12. Bb5 Nf5 13. Be3 O-O 14. Bxc6 bxc6 15.
h3 Nxe3 16. fxe3 Bh5 17. Qe1 Rb8 18. Nbd2 Bg6 19. Nb3 Be4 20. Rc1 Rb6 21. Nc5
Rb2 22. Rf2 Rb6 23. Qf1 Bxc5 24. Rxc5 Qe7 25. Nd2 Bg6 26. Nb3 Qg5 27. Qe2 Be4
28. Kh2 f5 29. exf6 Rxf6 30. Rxf6 Qxf6 31. Rc1 Qd6+ 32. g3 Rb8 33. Rf1 Rf8 34.
Nc5 Rxf1 35. Qxf1 a5 36. Qe1 Qf6 37. Nxe4 dxe4 38. Qd2 a4 39. Qc2 Qf3 40. Qxc6
Qf2+ 41. Kh1 Qf1+ 42. Kh2 Qf2+ 43. Kh1 Qf1+ 44. Kh2 h6 45. Qxc7 Qe2+ 46. Kh1
Qxa2 47. Qc8+ Kh7 48. Qf5+ Kh8 49. d5 Qb1+ 50. Kh2 Qb2+ 51. Kh1 Qb8 52. Qxe4 a3
53. Qa4 Qb1+ 54. Kg2 a2 0-1

[Event "Reykjavik Open 2026"]
[Site "Reykjavik ISL"]
[Date "2026.03.26"]
[Round "3.131"]
[White "Knight, David"]
[Black "Mintz, Nathan"]
[Result "1-0"]
[WhiteElo "1888"]
[BlackElo "1708"]
[WhiteFideId "1040839"]
[BlackFideId "30995540"]
[EventDate "2026.03.25"]

1. e4 c5 2. Nf3 d6 3. d4 cxd4 4. Nxd4 Nf6 5. Nc3 a6 6. Rg1 b5 7. f3 e5 8. Nde2
b4 9. Nd5 Nxd5 10. Qxd5 Ra7 11. Be3 Be6 12. Qd2 Rb7 13. f4 Be7 14. f5 Bc4 15.
Ng3 Bxf1 16. Rxf1 h5 17. f6 Bxf6 18. Nf5 Rd7 19. O-O-O d5 20. exd5 g6 21. Ng3 a5
22. Ne4 Bg7 23. Bg5 Qb6 24. Nf6+ Bxf6 25. Bxf6 Rh7 26. Bxe5 Re7 27. Bf6 Rd7 28.
Rfe1+ Kf8 29. Qe2 Rd8 30. Qe7+ Kg8 31. Qe8+ 1-0

[Event "Reykjavik Open 2026"]
[Site "Reykjavik ISL"]
[Date "2026.03.26"]
[Round "3.132"]
[White "Murphy, Dara"]
[Black "Walo, Max"]
[Result "1-0"]
[WhiteElo "1888"]
[BlackElo "1705"]
[WhiteFideId "2501783"]
[BlackFideId "1354701"]
[EventDate "2026.03.25"]

1. e4 c6 2. Nf3 d5 3. Nc3 Bg4 4. h3 Bxf3 5. Qxf3 e6 6. d4 Nd7 7. Bd3 g6 8. O-O
Bg7 9. Re1 Ne7 10. Bg5 f6 11. exd5 O-O 12. Bh4 exd5 13. Re6 Rf7 14. Rae1 Nf8 15.
R6e2 Qd7 16. Na4 b6 17. c4 g5 18. Bg3 Neg6 19. Bf5 Qd8 20. Re8 Qxe8 21. Rxe8
Rxe8 22. cxd5 cxd5 23. Qxd5 Ne7 24. Qe4 Rd8 25. Bc7 Rxd4 26. Qxd4 Nxf5 27. Qd5
Ne7 28. Qb3 Nfg6 29. Nc3 Bf8 30. Nb5 Nc6 31. Qe6 Nge5 32. Bxe5 Nxe5 33. Nxa7 Kg7
34. Qxb6 Nd3 35. Nc8 Bc5 36. Qb5 1-0

[Event "Reykjavik Open 2026"]
[Site "Reykjavik ISL"]
[Date "2026.03.26"]
[Round "3.133"]
[White "Hermannsson, Sigurbjorn"]
[Black "Blomkvist, Kenneth"]
[Result "1-0"]
[WhiteElo "1887"]
[BlackElo "1685"]
[WhiteFideId "2325128"]
[BlackFideId "1772759"]
[EventDate "2026.03.25"]

1. e4 c5 2. Nf3 d6 3. d4 cxd4 4. Nxd4 Nf6 5. Nc3 a6 6. Be3 e5 7. Nb3 Be6 8. h3
Be7 9. Qf3 O-O 10. O-O-O Qc7 11. g4 Nbd7 12. g5 Ne8 13. Nd5 Bxd5 14. exd5 a5 15.
Bd3 a4 16. Nd2 a3 17. b3 Nc5 18. Bxc5 Qxc5 19. Ne4 Qb4 20. Rhg1 f5 21. gxf6 Nxf6
22. Qg2 Ne8 23. Qg4 Qb6 24. Qe6+ Rf7 25. Rg2 Qd8 26. Rdg1 Bf6 27. Ng5 Bxg5+ 28.
Rxg5 Qf6 29. Bf5 Kh8 30. Rh5 h6 31. Rg2 Re7 32. Qxf6 Nxf6 33. Rh4 Nxd5 34. Rg6
Nf6 35. Rb4 d5 36. Kd2 Rc7 37. Rg3 Ra5 38. Rb6 e4 39. Rd6 Ra8 40. Rc3 Rxc3 41.
Kxc3 Re8 42. Kb4 Ra8 43. c3 Kg8 44. Be6+ Kf8 45. Bxd5 Nxd5+ 46. Rxd5 Re8 47.
Rf5+ Kg8 48. Rb5 e3 49. fxe3 Rxe3 50. Rxb7 g5 51. c4 Re4 52. Kb5 Re2 53. c5 Rxa2
54. Ra7 h5 55. c6 g4 56. hxg4 hxg4 57. c7 Rc2 58. Ra8+ Kg7 59. c8=Q Rxc8 60.
Rxc8 g3 61. Rc2 1-0

[Event "Reykjavik Open 2026"]
[Site "Reykjavik ISL"]
[Date "2026.03.26"]
[Round "3.134"]
[White "Renaud, Jacques"]
[Black "Van Meter, Lester"]
[Result "1/2-1/2"]
[BlackTitle "FM"]
[WhiteElo "1704"]
[BlackElo "1882"]
[WhiteFideId "651088797"]
[BlackFideId "2001691"]
[EventDate "2026.03.25"]

1. e4 c5 2. d4 cxd4 3. c3 dxc3 4. Nxc3 Nc6 5. Bc4 d6 6. Nf3 a6 7. O-O Nf6 8. Re1
e6 9. Bg5 Be7 10. Qe2 h6 11. Bf4 e5 12. Bg3 Bg4 13. Rad1 O-O 14. Qe3 Bxf3 15.
Qxf3 Nd4 16. Qd3 Qb6 17. Kh1 Rac8 18. f4 Qb4 19. fxe5 dxe5 20. Bxe5 1/2-1/2

[Event "Reykjavik Open 2026"]
[Site "Reykjavik ISL"]
[Date "2026.03.26"]
[Round "3.135"]
[White "Geistlich, Alex"]
[Black "Gultekin, Ece"]
[Result "1-0"]
[WhiteElo "1879"]
[BlackElo "1684"]
[WhiteFideId "1373013"]
[BlackFideId "1772945"]
[EventDate "2026.03.25"]

1. d4 d5 2. Nf3 Bf5 3. c4 e6 4. Qb3 dxc4 5. Qxc4 c6 6. Bf4 Nf6 7. Nc3 Bd6 8. Bg5
Nbd7 9. e4 Nb6 10. Qe2 Bg4 11. e5 Nbd5 12. exf6 gxf6 13. Bd2 Nb4 14. Rc1 Bf5 15.
Ne4 Nxa2 16. Ra1 Nb4 17. Nxd6+ Qxd6 18. Bxb4 Qxb4+ 19. Qd2 Qb6 20. Qc3 Be4 21.
Be2 Rg8 22. O-O Rg7 23. Rfd1 O-O-O 24. Bf1 Rdg8 25. b4 a6 26. Ne1 h5 27. f3 Bd5
28. Bc4 h4 29. Bxd5 exd5 30. Ra2 h3 31. g3 f5 32. f4 Qc7 33. Qf3 Rg4 34. Nd3 f6
35. Re1 Qb6 36. Qe3 Kb8 37. Ra3 Qb5 38. Nc5 Qc4 39. Nd7+ Kc7 40. Nxf6 Qc2 41.
Qe2 Qc4 42. Qxc4 dxc4 43. Nxg8 Rxg8 44. Kf2 Rd8 45. Ke3 Kb6 46. Ra5 Rd5 47. Rxd5
cxd5 48. Kd2 a5 49. bxa5+ Kxa5 50. Kc3 b5 51. Ra1+ 1-0

[Event "Reykjavik Open 2026"]
[Site "Reykjavik ISL"]
[Date "2026.03.26"]
[Round "3.136"]
[White "Chung, Kevin"]
[Black "Puffaldt, Yorik"]
[Result "1-0"]
[WhiteElo "1681"]
[BlackElo "1877"]
[WhiteFideId "30977282"]
[BlackFideId "34634444"]
[EventDate "2026.03.25"]

1. e4 c5 2. Nf3 d6 3. g3 Nc6 4. Bg2 g6 5. O-O Bg7 6. d3 e5 7. Be3 Nge7 8. Qd2
Be6 9. Bh6 O-O 10. Bxg7 Kxg7 11. c3 d5 12. Ng5 Qd7 13. Na3 d4 14. Nxe6+ Qxe6 15.
f4 f6 16. f5 Qd7 17. g4 dxc3 18. bxc3 Rad8 19. Rad1 Na5 20. g5 Nec6 21. gxf6+ 1-0

[Event "Reykjavik Open 2026"]
[Site "Reykjavik ISL"]
[Date "2026.03.26"]
[Round "3.137"]
[White "Ekam Singh"]
[Black "Frederick, Benjamin"]
[Result "1/2-1/2"]
[WhiteElo "1875"]
[BlackElo "1681"]
[WhiteFideId "33334234"]
[BlackFideId "39936180"]
[EventDate "2026.03.25"]

1. d4 d5 2. Bf4 c5 3. e3 Nc6 4. Nf3 Nf6 5. Nbd2 cxd4 6. exd4 Bf5 7. c3 e6 8. Qb3
Qb6 9. Bb5 Be7 10. Ne5 Rc8 11. Nxc6 bxc6 12. Be2 Ra8 13. O-O O-O 14. h3 c5 15.
dxc5 Bxc5 16. Nf3 Ne4 17. Qxb6 axb6 18. Bb5 f6 19. Nh4 Bg6 20. Nxg6 hxg6 21. c4
g5 22. Bh2 Nd2 23. Rfe1 Nxc4 24. Rxe6 Nxb2 25. Bc6 Ra3 26. Bxd5 Kh8 27. Bd6 Rd8
28. Bxc5 bxc5 29. Be4 c4 30. Bg6 c3 31. Rae1 Raa8 32. Bc2 Nc4 33. Rc6 Rac8 34.
Rxc8 Rxc8 35. Bb3 Nd2 36. Rc1 Nxb3 37. axb3 c2 38. Kf1 Rb8 39. Rxc2 Rxb3 40. Ke2 1/2-1/2

[Event "Reykjavik Open 2026"]
[Site "Reykjavik ISL"]
[Date "2026.03.26"]
[Round "3.138"]
[White "Gilsdottir, Sara"]
[Black "Acevedo Mendez, Lisseth"]
[Result "1/2-1/2"]
[BlackTitle "WIM"]
[WhiteElo "1681"]
[BlackElo "1855"]
[WhiteFideId "1574337"]
[BlackFideId "6502938"]
[EventDate "2026.03.25"]

1. d4 d5 2. c4 e6 3. Nc3 Nf6 4. cxd5 exd5 5. Nf3 Be7 6. Bf4 O-O 7. e3 Ne4 8. Bd3
Bf5 9. O-O c6 10. Rc1 Nd7 11. Bb1 Ndf6 12. Nxe4 Bxe4 13. Bxe4 Nxe4 14. Nd2 f5
15. a3 Bd6 16. Bxd6 Nxd6 17. Nb3 f4 18. Nc5 Qe8 19. Qg4 fxe3 20. Ne6 Rf7 21.
fxe3 Re7 22. Rf8+ Qxf8 23. Nxf8 Rxf8 24. Qg5 Rfe8 25. Re1 Ne4 26. Qg4 Rf7 27.
Rf1 Rfe7 28. Re1 Rf7 29. Rf1 Rfe7 30. Re1 Rf7 1/2-1/2

[Event "Reykjavik Open 2026"]
[Site "Reykjavik ISL"]
[Date "2026.03.26"]
[Round "3.139"]
[White "Texe, Eirik"]
[Black "Putnam, Bill Howard"]
[Result "1/2-1/2"]
[WhiteElo "1846"]
[BlackElo "1670"]
[WhiteFideId "1569481"]
[BlackFideId "39907791"]
[EventDate "2026.03.25"]

1. e4 c6 2. d4 d5 3. e5 c5 4. dxc5 e6 5. a3 Bxc5 6. Qg4 Ne7 7. Nf3 Ng6 8. Bd3
Nc6 9. Qh5 Bd7 10. O-O Qc7 11. Bxg6 fxg6 12. Qg5 Be7 13. Qe3 O-O 14. Nc3 a6 15.
Ne2 b5 16. c3 Na5 17. Ned4 Nc6 18. Nxc6 Qxc6 19. Nd4 Qb7 20. Bd2 a5 21. b4 Rfc8
22. f4 Bd8 23. Qd3 Bb6 24. Be3 Bxd4 25. Bxd4 axb4 26. cxb4 Rc4 27. Bc5 Qa6 28.
Rf3 Qa4 29. Re1 Qc2 30. Qxc2 Rxc2 31. Ree3 Bc6 32. Rc3 Ra2 33. Bd4 Be8 34. g4
Rd2 35. Rfd3 Re2 36. Bf2 Re4 37. Rd4 Re2 38. Be3 Ra2 39. Rdd3 Bd7 40. Bc1 Rc8
41. Rxc8+ Bxc8 42. Bd2 Bb7 43. Kf2 d4 44. Rxd4 Bd5 45. f5 gxf5 46. gxf5 Rxa3 47.
fxe6 Bxe6 48. Be3 Kf7 49. Kf3 g5 50. Ke4 h5 51. Rd2 Ra2 52. Rxa2 Bxa2 53. h4 1/2-1/2

[Event "Reykjavik Open 2026"]
[Site "Reykjavik ISL"]
[Date "2026.03.26"]
[Round "3.140"]
[White "Sveinsson, Gudmundur Peng"]
[Black "Labruyere, Robert Nirina"]
[Result "0-1"]
[WhiteElo "1664"]
[BlackElo "1836"]
[WhiteFideId "2314550"]
[BlackFideId "285943"]
[EventDate "2026.03.25"]

1. Nf3 g5 2. Nxg5 e5 3. d3 d5 4. e4 Nf6 5. Be2 h6 6. Nf3 Nc6 7. exd5 Nxd5 8. Nc3
Be6 9. Nxd5 Qxd5 10. c4 Qd7 11. a3 Bc5 12. b4 Bd4 13. Rb1 Bc3+ 14. Bd2 Bxd2+ 15.
Qxd2 f6 16. Qe3 O-O-O 17. b5 Nd4 18. Nxd4 Qxd4 19. Qxd4 Rxd4 20. O-O Rg8 21. f3
Bh3 22. Rf2 Bf5 23. Rb3 Rgd8 24. a4 Bxd3 25. Bxd3 Rxd3 26. Rxd3 Rxd3 27. f4 e4
28. g4 Kd7 29. h4 e3 30. Re2 Rd4 31. g5 Rxf4 32. g6 Rg4+ 33. Rg2 e2 34. Rxg4
e1=Q+ 35. Kh2 Qe8 36. g7 Qg8 37. Kg3 Ke7 38. a5 h5 0-1

[Event "Reykjavik Open 2026"]
[Site "Reykjavik ISL"]
[Date "2026.03.26"]
[Round "3.141"]
[White "Song, Jeffrey"]
[Black "Cogelja, Mihovil Niko"]
[Result "1-0"]
[WhiteElo "1653"]
[BlackElo "1829"]
[WhiteFideId "30976987"]
[BlackFideId "2528304"]
[EventDate "2026.03.25"]

1. d4 Nf6 2. c4 g6 3. Nc3 Bg7 4. e4 d6 5. h3 Nbd7 6. Nf3 e5 7. d5 O-O 8. Be3 b6
9. g4 Nc5 10. Nd2 a5 11. Be2 Bb7 12. g5 Nfd7 13. h4 c6 14. h5 cxd5 15. cxd5 Ba6
16. h6 Bh8 17. Bxa6 Nxa6 18. a3 Ndc5 19. Qe2 Nc7 20. Bxc5 bxc5 21. Rg1 Qd7 22.
a4 Rfb8 23. Nc4 Rb4 24. Rb1 Ra6 25. b3 Kf8 26. Rg3 Ke7 27. Qd2 f6 28. gxf6+ Bxf6
29. Na2 Rxc4 30. bxc4 Qxa4 31. Rb7 Kd7 32. Rf3 Be7 33. Rf7 Kc8 34. Rxc7+ Kxc7
35. Rxe7+ Kd8 36. Qg5 Qxa2 37. Rxh7+ Kc8 38. Rh8+ Kb7 39. Qe7+ Kb6 40. Rb8# 1-0

[Event "Reykjavik Open 2026"]
[Site "Reykjavik ISL"]
[Date "2026.03.26"]
[Round "3.142"]
[White "Lu, Karson"]
[Black "Bernstein, Charles B"]
[Result "1-0"]
[WhiteElo "1827"]
[BlackElo "1667"]
[WhiteFideId "2661756"]
[BlackFideId "39970639"]
[EventDate "2026.03.25"]

1. e4 c6 2. d4 d5 3. e5 c5 4. c3 Nc6 5. Nf3 cxd4 6. cxd4 Bg4 7. Nc3 e6 8. Bb5
Ne7 9. Be3 a6 10. Be2 Bxf3 11. Bxf3 Nf5 12. Bg4 Nxe3 13. fxe3 Qh4+ 14. g3 Qg5
15. Qf3 Be7 16. h4 Qh6 17. O-O O-O 18. Qe2 Kh8 19. Rf2 f5 20. exf6 Rxf6 21. Rxf6
Bxf6 22. Rf1 Rd8 23. Qf3 Nb4 24. a3 Nc2 25. Nd1 Rc8 26. Kh1 Rc6 27. Bxe6 Rxe6
28. Qf5 Rc6 29. Qxd5 Nxe3 30. Qd8+ 1-0

[Event "Reykjavik Open 2026"]
[Site "Reykjavik ISL"]
[Date "2026.03.26"]
[Round "3.143"]
[White "Zhu, Aiden"]
[Black "Otto, Michael"]
[Result "1/2-1/2"]
[WhiteElo "1651"]
[BlackElo "1827"]
[WhiteFideId "2654288"]
[BlackFideId "24617822"]
[EventDate "2026.03.25"]

1. e4 c5 2. c3 g6 3. d4 cxd4 4. cxd4 d5 5. exd5 Nf6 6. Nc3 Nxd5 7. Bc4 Nb6 8.
Bb3 Bg7 9. Be3 Nc6 10. Nf3 O-O 11. Qe2 Na5 12. Bc2 Be6 13. O-O Nd5 14. Rac1 Nxc3
15. bxc3 Qd5 16. Ng5 Bd7 17. Be4 Bb5 18. Bxd5 Bxe2 19. Rfe1 Bc4 20. Bxc4 Nxc4
21. Rb1 b6 22. Bf4 e6 23. Rb4 Rfc8 24. h3 Na5 25. Re3 Rc4 26. Rxc4 Nxc4 27. Rf3
h6 28. Ne4 e5 29. dxe5 Nxe5 30. Bxe5 Bxe5 31. Nf6+ Bxf6 32. Rxf6 Rc8 33. Rf3 b5
34. Kf1 1/2-1/2

[Event "Reykjavik Open 2026"]
[Site "Reykjavik ISL"]
[Date "2026.03.26"]
[Round "3.144"]
[White "Westcott, Dale"]
[Black "Seshadri, Sridhar"]
[Result "1-0"]
[WhiteElo "1822"]
[BlackElo "1658"]
[WhiteFideId "1806017"]
[BlackFideId "30913942"]
[EventDate "2026.03.25"]

1. Nf3 d5 2. g3 e6 3. Bg2 Be7 4. O-O h5 5. c4 c6 6. b3 h4 7. Bb2 Bf6 8. Bxf6
Qxf6 9. Nc3 h3 10. Bh1 g5 11. d4 Nd7 12. e4 g4 13. e5 Qg6 14. Nh4 Qg5 15. Qc1
Qg7 16. Qf4 Nh6 17. f3 Rg8 18. Rae1 Nf8 19. cxd5 exd5 20. fxg4 Nxg4 21. e6 Bxe6
22. Nf5 Qg5 23. Qc7 Rd8 24. Nd6+ Rxd6 25. Qxd6 Qd2 26. Qb8+ Ke7 27. Qxb7+ Nd7
28. Qb4+ Kd8 29. Re2 Qd3 30. Rf3 Qg6 31. Qa5+ Ke7 32. Qc7 Qg5 33. Qxc6 Ngf6 34.
Rfe3 Kf8 35. Qd6+ Kg7 36. Qf4 Qg6 37. Bf3 Rc8 38. Kf2 Bg4 39. Nb5 Rc2 40. Rxc2
Qxc2+ 41. Re2 Ne4+ 42. Qxe4 dxe4 43. Rxc2 Bxf3 44. Nd6 Nf6 45. Nf5+ Kh7 46. Ke3
Nd5+ 47. Kd2 Bg4 48. Ne3 Nf6 49. Rc6 Be6 50. d5 Nxd5 51. Nxd5 Bxd5 52. Ra6 f5
53. Rxa7+ Kg6 54. Ke3 Kg5 55. b4 1-0

[Event "Reykjavik Open 2026"]
[Site "Reykjavik ISL"]
[Date "2026.03.26"]
[Round "3.145"]
[White "Manuel dos Santos, Fabio"]
[Black "Gilbert, Alistair"]
[Result "1/2-1/2"]
[WhiteElo "1644"]
[BlackElo "1820"]
[WhiteFideId "533009511"]
[BlackFideId "343419160"]
[EventDate "2026.03.25"]

1. e4 c6 2. d4 d5 3. e5 c5 4. c3 Nc6 5. Nf3 Bg4 6. Be2 e6 7. O-O Nge7 8. Nbd2
Nf5 9. h3 Bxf3 10. Nxf3 Be7 11. g4 Nh4 12. Nxh4 Bxh4 13. f4 Qb6 14. dxc5 Qxc5+
15. Kh2 O-O-O 16. Qb3 f6 17. exf6 gxf6 18. Qb5 Qd6 19. Be3 h5 20. gxh5 Bg5 21.
Qc5 Qc7 1/2-1/2

[Event "Reykjavik Open 2026"]
[Site "Reykjavik ISL"]
[Date "2026.03.26"]
[Round "3.146"]
[White "Gautier, Marc"]
[Black "Koppe, Cordelia"]
[Result "0-1"]
[WhiteElo "1811"]
[BlackElo "1656"]
[WhiteFideId "20690657"]
[BlackFideId "16232119"]
[EventDate "2026.03.25"]

1. e4 c6 2. d4 d5 3. e5 Bf5 4. Nf3 e6 5. Be2 c5 6. Be3 c4 7. O-O Nc6 8. c3 b5 9.
a4 b4 10. b3 bxc3 11. Nxc3 Bb4 12. Bd2 Qa5 13. Rc1 cxb3 14. Qxb3 Nge7 15. Rfd1
O-O 16. Nb5 Bxd2 17. Rxd2 Rab8 18. Qa3 h6 19. Nd6 Bg4 20. Rcd1 Rb4 21. Bb5 a6
22. Bxc6 Nxc6 23. h3 Rxa4 24. Qc3 Qxc3 0-1

[Event "Reykjavik Open 2026"]
[Site "Reykjavik ISL"]
[Date "2026.03.26"]
[Round "3.147"]
[White "Beatty, Samuel"]
[Black "Stolpe, Samuel"]
[Result "1/2-1/2"]
[WhiteElo "1633"]
[BlackElo "1810"]
[WhiteFideId "1344390"]
[BlackFideId "30941202"]
[EventDate "2026.03.25"]

1. d4 Nf6 2. c4 e6 3. Nc3 Bb4 4. Qc2 O-O 5. a3 Bxc3+ 6. Qxc3 d5 7. Bg5 Nbd7 8.
e3 h6 9. Bh4 b6 10. Nf3 Ba6 11. Bd3 dxc4 12. Bxc4 Bxc4 13. Qxc4 c5 14. dxc5 Nxc5
15. Rd1 Qe7 16. O-O Rac8 17. Qf4 Nce4 18. Qxe4 g5 19. Bxg5 hxg5 20. Qa4 Qc5 21.
Qd4 Qf5 22. Qe5 Qxe5 23. Nxe5 Rc2 24. b4 Rfc8 25. Nf3 1/2-1/2

[Event "Reykjavik Open 2026"]
[Site "Reykjavik ISL"]
[Date "2026.03.26"]
[Round "3.148"]
[White "Carr, Jay"]
[Black "Birgisson, Hilmar Freyr"]
[Result "1-0"]
[WhiteElo "1805"]
[BlackElo "1651"]
[WhiteFideId "30922690"]
[BlackFideId "2322943"]
[EventDate "2026.03.25"]

1. Nf3 c5 2. b3 Nc6 3. Bb2 Nf6 4. e3 g6 5. c4 Bg7 6. Be2 O-O 7. O-O d6 8. d4
cxd4 9. Nxd4 Ne5 10. Qc2 Qc7 11. Nc3 Re8 12. h3 Bd7 13. Rfd1 Qc8 14. Bf1 Kh8 15.
Rac1 Nc6 16. Nce2 Nb4 17. Qd2 a5 18. a3 Ne4 19. Qe1 Nc6 20. f3 Ng5 21. Qg3 Ne6
22. Bc3 Be5 23. Nxc6 Bxc3 24. Nxe7 Rxe7 25. Rxc3 Qc5 26. Qxd6 Qxd6 27. Rxd6 Bc6
28. Nd4 Nxd4 29. Rxd4 Re5 30. Kf2 Kg7 31. Be2 Rg5 32. Rd2 Re8 33. b4 axb4 34.
axb4 Rc8 35. g4 Re5 36. f4 Re7 37. Bf3 Be8 38. e4 Bb5 39. Rd4 Rec7 40. Be2 Ba6
41. c5 b5 42. Ra3 Rc6 43. e5 Re6 44. Rd6 Rc6 45. Rxc6 Rxc6 46. Bf3 Bb7 47. Bxc6
Bxc6 48. Ra6 Bd7 49. c6 Be6 50. Rb6 h5 51. Kg3 hxg4 52. hxg4 f5 53. c7 Bd7 54.
Rd6 Bc8 55. Rd8 fxg4 56. Rxc8 Kh6 57. Rf8 g5 58. Kxg4 gxf4 59. Rf6+ Kg7 60. c8=Q
Kh7 61. Qf8 1-0